000 00676nam a2200229 a 4500
999 _c3637
_d3637
001 3637
003 BD-JhCC
005 20171119100222.0
008 171115s2004 bg |||| ||a| 000 0 ben d
020 _a9846351372
035 _a(BD-JhCC)3637
040 _aBD-JhCC
_dBD-JhCC
041 _aben
082 _a923.1
_bKHN 2004
100 _aখান, আলমগীর হোসেন
245 _aছোটদের শ্রে্ঠ বাঙলি সিরিজ /
_cআলমগীর হোসেন খান
260 _aঢাকা :
_bহাতেখরি,
_c2004.
300 _a80 p. :
_c21 cm.
650 _aBiography
942 _2ddc
_cBK